| 000 | 00764cab a2200241 4500 | ||
|---|---|---|---|
| 001 | ABS45628 | ||
| 008 | 090401t1991 xxu||||| |||| 00| 0 eng d | ||
| 035 | _a(Sirsi) u54079 | ||
| 041 | _aeng | ||
| 100 | _aBurton, T. | ||
| 245 | 4 | _aThe case for full planning control for farm buildings | |
| 260 | _c1991 | ||
| 350 | _a0 | ||
| 490 |
_aFarm Buildings and Engineering _v2(8) Winter 1991, 32-33(2) |
||
| 520 | _aUrges the Government to introduce full planning control for agricultural buildings and refutes the arguments against such reform. | ||
| 650 | _aFARM BUILDINGS | ||
| 650 | _aPERMITTED DEVELOPMENT RIGHTS | ||
| 650 | _aPLANNING CONTROL | ||
| 690 | _aPLANNING LAW AND PRACTICE | ||
| 690 | _aRURAL PRACTICE | ||
| 942 | _n0 | ||
| 948 | _c04/03/1997 | ||
| 999 |
_c33166 _d33166 |
||